|
|
|
|
| LEADER |
00770nab a2200205 i 4500 |
| 001 |
acta16362 |
| 005 |
20260310102735.0 |
| 008 |
161015s2010 hu o 000 eng d |
| 022 |
|
|
|a 0001-6969
|
| 040 |
|
|
|a SZTE Egyetemi Kiadványok Repozitórium
|b hun
|
| 041 |
|
|
|a eng
|
| 100 |
1 |
|
|a Száz Árpád
|
| 245 |
1 |
4 |
|a The infimal convolution can be used to derive extension theorems from the sandwich ones
|h [elektronikus dokumentum] /
|c Száz Árpád
|
| 260 |
|
|
|a Bolyai Institute, University of Szeged
|b Szeged
|c 2010
|
| 300 |
|
|
|a 489-499
|
| 490 |
0 |
|
|a Acta scientiarum mathematicarum
|v 76 No. 3-4
|
| 650 |
|
4 |
|a Természettudományok
|
| 650 |
|
4 |
|a Matematika
|
| 695 |
|
|
|a Matematika
|
| 856 |
4 |
0 |
|u http://acta.bibl.u-szeged.hu/16362/1/math_076_numb_003_004_489-499.pdf
|z Dokumentum-elérés
|